Сноуборд как вид активного отдыха, его влияние на показатели здоровья и работоспособность человека; Экология и безопасность в техносфере: современные проблемы и пути решения

Bibliografiske detaljer
Parent link:Экология и безопасность в техносфере: современные проблемы и пути решения.— 2017.— [С. 487-491]
Hovedforfatter: Литасов А. В.
Institution som forfatter: Национальный исследовательский Томский политехнический университет (ТПУ) Юргинский технологический институт (филиал) (ЮТИ) Кафедра безопасности жизнедеятельности, экологии и физического воспитания (БЖДЭФВ)
Andre forfattere: Чуликов С. К. (научный руководитель), Счастливцева И. В. Ирина Владиславовна
Summary:Заглавие с экрана
В статье анализируется сноуборд как вид активного отдыха. Сноуборд, с момента его появления, является популярным видом спорта и активного отдыха среди молодежи, задающий определенные ценности зимней спортивной культуры, используется как средство успешной социализации для человека и полезен для поддержания здоровья и его последующего улучшения. О чем свидетельствуют обширное количество научной и журналисткой литературы на данную тематику.
In article development snowboarding as a form outdoor activities. Snowboarding, since its inception, is a popular sport and outdoor activities among young people specifying certain values winter sports culture is used as a means of successful socialization for a person and helpful to stay healthy and eventual improvement. as illustrated by the vast amount of scientific and journalistic literature on the topic.
Sprog:russisk
Udgivet: 2017
Serier:Социально-гуманитарные аспекты экологии
Fag:
Online adgang:http://earchive.tpu.ru/handle/11683/46676
Format: MixedMaterials Electronisk Book Chapter
KOHA link:https://koha.lib.tpu.ru/cgi-bin/koha/opac-detail.pl?biblionumber=626492

MARC

LEADER 00000naa2a2200000 4500
001 626492
005 20231102024218.0
035 |a (RuTPU)RU\TPU\conf\25871 
035 |a RU\TPU\conf\25858 
090 |a 626492 
100 |a 20180301d2017 k y0rusy50 ca 
101 0 |a rus  |d eng 
102 |a RU 
105 |a y z 101zy 
135 |a drcn ---uucaa 
181 0 |a i  
182 0 |a b 
200 1 |a Сноуборд как вид активного отдыха, его влияние на показатели здоровья и работоспособность человека  |f А. В. Литасов, С. К. Чуликов  |g науч. рук. И. В. Счастливцева 
203 |a Текст  |c электронный 
225 1 |a Социально-гуманитарные аспекты экологии 
230 |a 1 компьютерный файл (pdf; 142 Kb) 
300 |a Заглавие с экрана 
320 |a [Библиогр.: с. 490-491 (11 назв.)] 
330 |a В статье анализируется сноуборд как вид активного отдыха. Сноуборд, с момента его появления, является популярным видом спорта и активного отдыха среди молодежи, задающий определенные ценности зимней спортивной культуры, используется как средство успешной социализации для человека и полезен для поддержания здоровья и его последующего улучшения. О чем свидетельствуют обширное количество научной и журналисткой литературы на данную тематику. 
330 |a In article development snowboarding as a form outdoor activities. Snowboarding, since its inception, is a popular sport and outdoor activities among young people specifying certain values winter sports culture is used as a means of successful socialization for a person and helpful to stay healthy and eventual improvement. as illustrated by the vast amount of scientific and journalistic literature on the topic. 
463 0 |0 (RuTPU)RU\TPU\conf\25447  |t Экология и безопасность в техносфере: современные проблемы и пути решения  |o сборник трудов Всероссийской научно-практической конференции молодых ученых, аспирантов и студентов, г. Юрга, 23-25 ноября 2017 г.  |f Национальный исследовательский Томский политехнический университет (ТПУ), Юргинский технологический институт (ЮТИ) ; под ред. Д. А. Чинахова [и др.]  |v [С. 487-491]  |d 2017 
610 1 |a электронный ресурс 
610 1 |a труды учёных ТПУ 
610 1 |a сноуборд 
610 1 |a спорт 
610 1 |a активный отдых 
610 1 |a психическое здоровье 
610 1 |a физическое здоровье 
700 1 |a Литасов  |b А. В. 
701 1 |a Чуликов  |b С. К. 
702 1 |a Счастливцева  |b И. В.  |c специалист в области естествознания  |c старший преподаватель Юргинского технологического института (филиала) Томского политехнического университета  |f 1965-  |g Ирина Владиславовна  |2 stltpush  |4 727  |9 10748 
712 0 2 |a Национальный исследовательский Томский политехнический университет (ТПУ)  |b Юргинский технологический институт (филиал) (ЮТИ)  |b Кафедра безопасности жизнедеятельности, экологии и физического воспитания (БЖДЭФВ)  |h 2240  |2 stltpush  |3 (RuTPU)RU\TPU\col\18930 
801 2 |a RU  |b 63413507  |c 20180312  |g RCR 
856 4 |u http://earchive.tpu.ru/handle/11683/46676 
942 |c BK